00350pab a2200121 454500008004000000100002200040245008000062260000900142300001000151650001800161700001900179773003000198180718b1984 xxu||||| |||| 00| 0 eng d aKochuthresia, Sr. aResidential care for children under the sides of ChangebAn empirical study c1984 a30-41 aChild Welfare aSuman Somen K. aInternational Social Work